Censo agropecuario, 1984

में बचाया:
ग्रंथसूची विवरण
निगमित लेखक: Costa Rica. Ministerio de Economía, Industria y Comercio. Dirección General de Estadística y Censos
स्वरूप: मूलपाठ
प्रकाशित: San José : MGP. Imprenta Nacional
विषय:
टैग: टैग जोड़ें
कोई टैग नहीं, इस रिकॉर्ड को टैग करने वाले पहले व्यक्ति बनें!

MARC

LEADER 00000 a a2200000 04500
001 17456
003
040
090 |a 0001 CR8375c 1984  
110 |a Costa Rica. Ministerio de Economía, Industria y Comercio. Dirección General de Estadística y Censos  
245 |a Censo agropecuario, 1984  
260 |a San José :   |b MGP. Imprenta Nacional  
300 |a 72, 216 p.  
300 |b **no definido**  
650 |a SECTOR AGROPECUARIO  
650 |a CENSOS  
650 |a ECONOMIA  
650 |a INDUSTRIA  
650 |a COMERCIO  
650 |a COSTA RICA  
999 |c 12101  |d 12101